[Event "Pavlodar op"]
[Site "Pavlodar"]
[Date "2013.12.11"]
[Round "2"]
[White "Egorov, Evgeni"]
[Black "Safronova, Tatyana"]
[Result "1-0"]
[WhiteElo "2361"]
[BlackElo "1562"]
[PlyCount "73"]
[EventDate "2013.12.10"]
[EventType "swiss"]
[EventRounds "10"]
[EventCountry "KAZ"]
[SourceTitle "CBM 158 Extra"]
[Source "ChessBase"]
[SourceDate "2014.02.28"]
[SourceVersion "1"]
[SourceVersionDate "2014.02.28"]
[SourceQuality "1"]

1. e4 e6 2. d4 d5 3. Nd2 dxe4 4. Nxe4 Be7 5. Nf3 Nd7 6. Bd3 Ngf6 7. Qe2 Nxe4 8. Qxe4 Nf6 9. Qe2 0-0 10. Bd2 c5 11. dxc5 Bxc5 12. 0-0-0 Qe7 13. Bg5 Rd8 14. Kb1 Bd7 15. Ne5 Be8 16. Ng4 Rd5 17. Nxf6+ gxf6 18. Bc1 Rad8 19. h4 f5 20. g4 f6 21. gxf5 exf5 22. Qxe7 Bxe7 23. Bc4 Bc6 24. Rhg1+ Kf7 25. Bh6 Bf8 26. Bxf8 Kxf8 27. Bxd5 Rxd5 28. Rxd5 Bxd5 29. Kc1 Kf7 30. Kd2 a5 31. Ke3 b5 32. Kd4 Ke6 33. a4 bxa4 34. Rg7 Be4 35. Rxh7 Bxc2 36. f4 Bb3 37. h5 1-0